| 000 | 00000nas 2200000zi 4500 |
| 001 | 9.505858 |
| 003 | CaOODSP |
| 005 | 20251128091235 |
| 006 | m go d f |
| 007 | cr ||||||||||| |
| 008 | 150406c20089999qucar p o f0 a0eng|d |
| 022 | |a1928-3121 |
| 040 | |aCaOODSP|beng|erda|cCaOODSP |
| 043 | |an-cn--- |
| 086 | 1 |aTU1-4/2E-PDF |
| 110 | 2 |aTransportation Safety Board of Canada. |
| 245 | 10|aAnnual report to Parliament on the application of the Privacy Act. |
| 246 | 13|aAnnual report to Parliament on the administration of the Privacy Act |
| 264 | 1|a[Gatineau, Quebec] : |bTransportation Safety Board of Canada = Bureau de la sécurité des transports du Canada, |c[2008]- |
| 310 | |aAnnual |
| 336 | |atext|btxt|2rdacontent |
| 337 | |acomputer|bc|2rdamedia |
| 338 | |aonline resource|bcr|2rdacarrier |
| 362 | 1 |aBegan with 01 April 2007 to 31 March 31 2008. |
| 500 | |aIssued also in French under title: Rapport annuel au Parlement sur l'application de la Loi sur la protection des renseignements personnels. |
| 520 | 3 |aDescribes how the Transportation Safety Board of Canada administered its responsibilities in the year of operation of the Privacy Act. |
| 692 | 07|2gccst|aPrivacy |
| 775 | 08|tRapport annuel au Parlement sur l'application de la Loi sur la protection des renseignements personnels. |w(CaOODSP)9.502262 |
| 776 | 0#|tTransportation Safety Board of Canada, annual report to Parliament on the application of the Privacy Act |w(CaOODSP)9.515644 |
| 780 | 00|tAnnual report to Parliament on the management of the Access to Information Act and the Privacy Act |w(CaOODSP)9.507324 |